| Tag |
First Indicator |
Second Indicator |
Subfields |
| LEADER |
00000nam a2200000 4500 |
| 001 |
in00004189727 |
| 005 |
20200806083852.0 |
| 006 |
m g d |
| 007 |
cr bn |||a|bb| |
| 008 |
901121s1640 enka o 00 eng d |
| 035 |
|
|
|a (UnM)99891328
|
| 037 |
|
|
|a CL2105000001
|b ProQuest Information and Learning. 300 N. Zeeb Rd., Ann Arbor, MI 48106
|
| 040 |
|
|
|a Cu-RivES
|c Cu-RivES
|d CStRLIN
|d Cu-RivES
|e dcrb
|
| 245 |
0 |
4 |
|a The subiects thankfulnesse: or, God-a-mercie good Scot, :
|b to the tune of, Blew Cap for mee.
|
| 246 |
2 |
|
|a Subjects thankfulnesse: or, God-a-mercie good Scot
|
| 246 |
3 |
0 |
|a God-a-mercie good Scot
|
| 260 |
|
|
|a [London :
|b publisher not identified],
|c Printed in the yeare, 1640.
|
| 300 |
|
|
|a 1 online resource (1 sheet ([1] pages) :
|b illustrations (woodcuts).
|
| 336 |
|
|
|a text
|b txt
|2 rdacontent
|
| 337 |
|
|
|a computer
|b c
|2 rdamedia
|
| 338 |
|
|
|a online resource
|b cr
|2 rdacarrier
|
| 500 |
|
|
|a Place of publication suggested by STC.
|
| 500 |
|
|
|a Verse: "Long time hath sweet England injoy'd her peace ..."
|
| 500 |
|
|
|a In two parts, printed side by side.
|
| 500 |
|
|
|a Reproduction of original in the British Library.
|
| 510 |
4 |
|
|a STC (2nd edition)
|c 23416
|
| 510 |
4 |
|
|a Early English books tract supplement interim guide
|c Huth 50[67]
|
| 533 |
|
|
|a Electronic reproduction.
|b Ann Arbor, Mich. :
|c UMI,
|d 1999-
|f (Early English books online)
|n Digital version of: (Early English books; Tract supplement ; A3:4[66])
|7 s1999 miun s
|
| 650 |
|
0 |
|a Ballads, English
|y 16th century.
|
| 730 |
0 |
|
|a Blew Cap for mee.
|
| 830 |
|
0 |
|a Early English books online.
|
| 856 |
4 |
0 |
|u http://proxy.library.tamu.edu/login?url=https://search.proquest.com/docview/2240914192
|z Connect to the full text of this electronic book
|t 0
|
| 999 |
f |
f |
|s ecd4a968-1a7a-3f35-a369-8cd4b0c9d959
|i 3089a876-8e28-3e50-a85c-8ddc57a46b66
|t 0
|
| 952 |
f |
f |
|a Texas A&M University
|b College Station
|c Electronic Resources
|d Available Online
|t 0
|h No information provided
|
| 998 |
f |
f |
|t 0
|l Available Online
|